00257nam a2200109Ia 4500100001600000654001300016245003800029260004400067082001600111300000800127546001200135 aLuse/ Marv  aComputer aBitmapped graphics prog in C++ bNew Age Int (P) LtdaNew Delhic1993 a6.6762bLUS a705 aENGLISH